000 00664nam a2200241Ia 4500
005 20260430150322.0
008 008 250103s9999 xx 000 0 eng d
037 _aTheses
040 _aCRL
040 _beng
040 _ceng
041 _2eng
041 _aeng
084 _qCRL
100 _aJain Chakresh Au.; Ranjan Kirti Gu.
_91237131
245 0 _aDevelopment of silicon Sensors for Particle Detection in High Energy Physics Experiments
260 _c2022
300 _a185
650 _aScience
700 _aUniversity of Delhi. Faculty of Science. Deptt. of Physics & Astrophysics
_91237110
942 _cTH
999 _c1849498
_d1849498